Seribu wajah Dr. Mahathir

Bibliographic Details
Format: Book
Published: Cheras, Kuala Lumpur : Utusan Publications & Distributors , 2004
Subjects:

MARC

LEADER 00000cam a2200000 7i4500
001 0000003522
005 20060406.0
020 0 0 |a 9676115304 
090 0 0 |a 959.5054092   |b SER 
245 1 0 |a Seribu wajah Dr. Mahathir   |c Tan Sri Hj. Mohd Khalil Yaacob 
260 0 0 |a Cheras, Kuala Lumpur :   |b Utusan Publications & Distributors ,   |c 2004 
300 |a 266ms. :   |b il. (sbhg. wrn.) ;   |c 2004. 
650 0 0 |a Gambar   |x Mahathir   |x Perdana Menteri Malaysia 
650 0 0 |a Photography   |x Mahathir   |x Prime Minister of Malaysia 
999 |a 0000006914   |b Monograph   |c Open Shelf   |e Default branch